000 00317nam a22001337a 4500
008 171025b xxu||||| |||| 00| 0 eng d
020 _a002439131
041 _aeng
080 _24 ED
_a311
100 _a55
101 _aSTA
245 _aAPPLIED FOR BUSINESS ECONOMICS STATISTICS
_cBARNET.R.A
942 _2udc
_cBK
999 _c35876
_d35876